Snatak Mahalar Sikshar Manobigyanik Vitti (Record no. 11478)

MARC details
000 -LEADER
fixed length control field 00664nam a22002177a 4500
005 - DATE AND TIME OF LATEST TRANSACTION
control field 20230123124531.0
008 - FIXED-LENGTH DATA ELEMENTS--GENERAL INFORMATION
fixed length control field 230123b ||||| |||| 00| 0 eng d
020 ## - INTERNATIONAL STANDARD BOOK NUMBER
International Standard Book Number 9789381784013
040 ## - CATALOGING SOURCE
Original cataloging agency IN-DiNC
Transcribing agency IN-DiNC
041 ## - LANGUAGE CODE
Language code of sung or spoken text Assamese
082 ## - DEWEY DECIMAL CLASSIFICATION NUMBER
Classification number 370.15
Item number CHA
100 ## - MAIN ENTRY--PERSONAL NAME
Personal name Chaliha, Beda Kumar
Relator term Author
245 ## - TITLE STATEMENT
Title Snatak Mahalar Sikshar Manobigyanik Vitti
Statement of responsibility, etc. by Beda Kumar Chaliha, Tarun Saikia and Runu Bora Saikia
250 ## - EDITION STATEMENT
Edition statement 13th rev ed.
260 ## - PUBLICATION, DISTRIBUTION, ETC.
Place of publication, distribution, etc. Jorhat:
Name of publisher, distributor, etc. Bidya Bhawan,
Date of publication, distribution, etc. 2021.
300 ## - PHYSICAL DESCRIPTION
Extent 437p.
650 ## - SUBJECT ADDED ENTRY--TOPICAL TERM
Topical term or geographic name entry element Psychological Foundations of Education
700 ## - ADDED ENTRY--PERSONAL NAME
Personal name Saikia, Tarun
Relator term Author
700 ## - ADDED ENTRY--PERSONAL NAME
Personal name Saikia, Runu Bora
Relator term Author
942 ## - ADDED ENTRY ELEMENTS (KOHA)
Source of classification or shelving scheme Dewey Decimal Classification
Koha item type Books
Holdings
Withdrawn status Lost status Source of classification or shelving scheme Damaged status Not for loan Collection code Home library Current library Shelving location Date acquired Cost, normal purchase price Total Checkouts Full call number Barcode Date last seen Date last checked out Copy number Price effective from Koha item type Date due
    Dewey Decimal Classification     Education Central Library, Naharkatiya College Central Library, Naharkatiya College General Stacks 23/01/2023 320.00 11 370.15 CHA 29221 28/03/2024 13/03/2024 1 23/01/2023 Books  
    Dewey Decimal Classification     Education Central Library, Naharkatiya College Central Library, Naharkatiya College General Stacks 23/01/2023 320.00 18 370.15 CHA 29222 10/02/2026 10/02/2026 2 23/01/2023 Books 28/02/2026
    Dewey Decimal Classification     Education Central Library, Naharkatiya College Central Library, Naharkatiya College General Stacks 23/01/2023 320.00 16 370.15 CHA 29223 20/04/2026 13/03/2026 3 23/01/2023 Books  

Naharkatiya College © 2020. All rights reserved.

Powered By